| 000 | 00882nam a2200205 a 4500 | ||
|---|---|---|---|
| 003 | 0 | ||
| 005 | 20250414090549.0 | ||
| 008 | 970101s19uu xx 00 eng d | ||
| 050 |
_aPGS HQ 755.8 _b.K19 2004 |
||
| 100 | _aKataoka, MacKevin. | ||
| 245 |
_aThe quality of communication between parents and grade six students of Southville International School and Colleges (SY 2003-2004) / _cMacKevin Kataoka. |
||
| 260 |
_aLas Piñas City, Philippines : _bSouthville International School and Colleges, _c2004. |
||
| 300 |
_a22 pages : _billustrations ; _c28 cm. |
||
| 504 | _aIncludes bibliographical references. | ||
| 650 |
_aParent-child communication _vGrade school students. |
||
| 650 |
_aCommunication _vEffects on emotional development. |
||
| 650 |
_aParental involvement _vChildren’s well-being. |
||
| 650 | _aInterpersonal communication in children. | ||
| 942 |
_2lcc _cPASS |
||
| 999 |
_c96998 _d96998 |
||